000 01280nam a2200289Ia 4500
003 OSt
005 20200803123359.0
008 191128s2003 ck fr 000 0dspa d
020 _a9586167410
040 _aCO-JMCR
_cCO-JMCR
041 0 _aspa
082 0 4 _a342.86 /
_bM912n
_223
100 1 _aMosquera, José Rafael,
_eautor
_98253
245 1 0 _aNociones del derecho constitucional /
_cJosé Rafael Mosquera ; estudio introductorio Carlos Restrepo Piedrahita
250 _aPrimera edición
260 _aBogotá :
_bUniversidad Externado de Colombia,
_c2003
300 _a182 páginas ;
_c21 cm.
500 _aIncluye notas a pie de página y datos biográficos del autor.
500 _aHomenaje a Fernando Hinestrosa, 40 años de rectoría 1963-2003
505 0 _aNociones de derecho constitucional del derecho constitucional -- De los gobiernos representativos -- Proyecto de reforma a la constitución de la Nueva Granada, 1842 -- Informe de la comisión
650 1 4 _aInterpretación del derecho
_zColombia
_98254
650 1 4 _aDerecho constitucional
_98255
650 1 4 _aHistoria constitucional
_zColombia
_98238
650 1 4 _aReformas constitucionales
_y1842
_zColombia
_98256
700 1 _aRestrepo Piedrahita, Carlos,
_eintroducción
_9442
942 _2ddc
_cBK
999 _c3845
_d3845